| 000 | 00990nam a2200253 a 4500 | ||
|---|---|---|---|
| 001 | BRL_1536 | ||
| 005 | 20190320211242.0 | ||
| 008 | 240214c----1997u--ab#####---#000-0#spa-# | ||
| 020 | _a0892363827 | ||
| 050 | 4 |
_aNK8812.5 _b.H55 1997 |
|
| 245 | 1 | 0 |
_aEl hilo contínuo _bla conservación de las tradiciones textiles de Oaxaca _ceditado por Kathryn Klein. |
| 260 |
_aLos Angeles _bThe Getty Conservation Institute _c1997 |
||
| 300 |
_axiii, 162 p. _bil. a color, mapas _c29 cm. |
||
| 500 | _aAu1647 | ||
| 500 | _aIncluye dedicatoria a Ruth Lechuga | ||
| 504 | _aBibliografía : p. 145-151 | ||
| 650 | 1 | 4 |
_aDiseño textil _zOaxaca de Juárez (México) _94759 |
| 650 | 1 | 4 |
_aTextiles _zOaxaca de Juárez (México) _94760 |
| 650 | 1 | 4 |
_aFábricas textiles indígenas _xHistoria _zOaxaca de Juárez (México) _94761 |
| 650 | 1 | 4 |
_aFábricas textiles indígenas _xConservación y restauración _zOaxaca de Juárez (México) _94762 |
| 700 | 1 |
_aKlein, Kathryn _94763 |
|
| 902 | _aGRL | ||
| 942 |
_2lcc _cB |
||
| 999 |
_c10345 _d10345 |
||